Der Dorfapostel : Hochlandroman /

Bibliographic Details
Main Author: Ganghofer, Ludwig, 1855-1920
Format: Book
Language:German
Published: Munchen ; Zurich : Droemer-Knaur, [1974]
Edition:Vollstandige originalausgabe.

MARC

Tag First Indicator Second Indicator Subfields
LEADER 00000cam a2200000 a 4500
001 in00000077205
005 20151008060557.0
008 771102c19741917gw 00010 germ
010 |a  75567850  
020 |a 3426088223 
020 |a 3426188228 
035 |a (OCoLC)03387301 
035 |9 AAJ6071AM 
040 |a DLC  |c VMC  |d TXA  |d UtOrBLW 
049 |a TXAM  |c [1672904] 
050 0 |a PT2613.A51  |b D6 1974 
100 1 |a Ganghofer, Ludwig,  |d 1855-1920. 
245 1 4 |a Der Dorfapostel :  |b Hochlandroman /  |c Ludwig Ganghofer. 
250 |a Vollstandige originalausgabe. 
264 1 |a Munchen ; Zurich :  |b Droemer-Knaur,  |c [1974] 
264 4 |c ©1917 
300 |a 318 pages ;  |c 20 cm. 
336 |a text  |b txt  |2 rdacontent 
337 |a unmediated  |b n  |2 rdamedia 
338 |a volume  |b nc  |2 rdacarrier 
999 |a MARS 
999 f f |s 9eca48f4-f492-3e0f-a3b6-2aa30630a744  |i ae3f213f-05a4-3c6b-a6bd-0dbccb9ba4b6  |t 0 
952 f f |p normal  |a Texas A&M University  |b College Station  |c Sterling C. Evans Library  |d Evans: Library Stacks  |t 0  |e PT2613.A51 D6 1974  |h Library of Congress classification  |i unmediated -- volume  |m A14806194684 
998 f f |a PT2613.A51 D6 1974  |t 0  |l Evans: Library Stacks